00442nam a2200145 a 4500008004100000020001500041050001600056100001400072245004300086246008200129260004000211300001700251350000900268700001900277120416s1996 ||||||||||||||||| || u a0333678508 aPN 6010 Spe aRead, Jim10aSpeaking our mindscedited by Jim Read aan aunthology of personal experiences of mental distress and its consequences aLondonbOpen University Pressc1996 axviii, 216p. a0.00 aReynolds, Jill